MARC details
| 000 -CABECERA |
| campo de control de longitud fija |
03012cam a2200277 i 4500 |
| 001 - NÚMERO DE CONTROL |
| campo de control |
20407521 |
| 005 - FECHA Y HORA DE LA ÚLTIMA TRANSACCIÓN |
| campo de control |
20250325142316.0 |
| 008 - DATOS DE LONGITUD FIJA--INFORMACIÓN GENERAL |
| campo de control de longitud fija |
180315s2018 nyua 001 0 eng |
| 010 ## - NÚMERO DE CONTROL DE LA BIBLIOTECA DEL CONGRESO |
| Número de control de LC |
2018012301 |
| 020 ## - NÚMERO INTERNACIONAL ESTÁNDAR DEL LIBRO |
| Número Internacional Estándar del Libro |
9780749481568 (pbk.) |
| 040 ## - FUENTE DE LA CATALOGACIÓN |
| Centro catalogador/agencia de origen |
DLC |
| Lengua de catalogación |
eng |
| Centro/agencia transcriptor |
DLC |
| Normas de descripción |
rda |
| Centro/agencia modificador |
DLC |
| 042 ## - CÃDIGO DE AUTENTICACIÃN |
| Código de autenticación |
pcc |
| 050 00 - SIGNATURA TOPOGRÁFICA DE LA BIBLIOTECA DEL CONGRESO |
| Número de clasificación |
HF5415.1255 |
| Número de documento/Ítem |
.C646 2018 |
| 100 ## - ENTRADA PRINCIPAL--NOMBRE DE PERSONA |
| Nombre de persona |
Coleman, Darren |
| Títulos y otros términos asociados al nombre |
(Marketing researcher), |
| Término indicativo de función/relación |
author. |
| 245 10 - MENCIÓN DE TÍTULO |
| Título |
Building brand experiences |
| Resto del título |
: a practical guide to retaining brand relevance |
| Mención de responsabilidad, etc. |
/ Darren Coleman. |
| 250 ## - MENCIÓN DE EDICIÓN |
| Mención de edición |
First edition. |
| 264 #1 - PRODUCCIÓN, PUBLICACIÓN, DISTRIBUCIÓN, FABRICACIÓN Y COPYRIGHT |
| Producción, publicación, distribución, fabricación y copyright |
New York, NY : |
| Nombre del de productor, editor, distribuidor, fabricante |
Kogan Page Ltd, |
| Fecha de producción, publicación, distribución, fabricación o copyright |
[2018] |
| 300 ## - DESCRIPCIÓN FÍSICA |
| Extensión |
xiv, 280 pages : |
| Otras características físicas |
illustrations ; |
| Dimensiones |
24 cm |
| 500 ## - NOTA GENERAL |
| Nota general |
Includes index. |
| 505 0# - NOTA DE CONTENIDO CON FORMATO |
| Nota de contenido con formato |
Introduction to retaining relevance through brand experiences —<br/>The brand experience blueprint: a practical management tool —<br/>Brand experience environment —<br/>Understanding your stakeholders —<br/>Fine-tuning your perspective —<br/>Considering the mechanics of delivery —<br/>Adopting a data-driven approach —<br/>Summary: brand experience environment —<br/>Brand experience essentials —<br/>Brand values —<br/>Brand essence —<br/>Brand promise —<br/>Brand positioning —<br/>Brand personality —<br/>Summary: brand experience environment and essentials —<br/>Brand experience enablers —<br/>Behaviour —<br/>Communications —<br/>Design —<br/>Summary: brand experience environment, essentials and enablers —<br/>Measuring brand experiences —<br/>Getting started with measuring brand experiences —<br/>Adopting a holistic approach to measuring brand experiences —<br/>How to measure brand experiences scientifically —<br/>Closing thoughts: building brand experiences to retain relevance. |
| 520 ## - SUMARIO, ETC. |
| Sumario, etc. |
Retaining brand relevance is fundamental to organizational success, and an increasing challenge that high-level marketing professionals now face.<br/><br/>In the past, many have responded with product or price-based competition, yet this can only propel a brand so far when it comes to retaining long-term relevance. Research shows that consumers are in fact driven by emotion and positive brand experiences have the power to drive engagement, while simultaneously offering countless options for competitive differentiation. Building Brand Experiences enables managers and executives to realize this and create tailored, relevant experiences that will appeal to consumers and drive brand performance.<br/><br/>Practically structured around The Brand Experience Blueprint, Building Brand Experiences provides a step-by-step guide to the process of building effective brand experiences based on tried-and-tested tools, templates and informed research. Combining expert insight and real-world examples in an anecdotal and digestible way, Building Brand Experiences is the essential guide to crafting relevant experiences that consumers will love, to improve brand engagement and drive results. |
| 650 #0 - PUNTO DE ACCESO ADICIONAL DE MATERIA--TÉRMINO DE MATERIA |
| Término de materia o nombre geográfico como elemento de entrada |
Branding (Marketing) |
| 9 (RLIN) |
6284 |
| 650 #0 - PUNTO DE ACCESO ADICIONAL DE MATERIA--TÉRMINO DE MATERIA |
| Término de materia o nombre geográfico como elemento de entrada |
Consumers' preferences |
| 9 (RLIN) |
23349 |
| 650 #0 - PUNTO DE ACCESO ADICIONAL DE MATERIA--TÉRMINO DE MATERIA |
| Término de materia o nombre geográfico como elemento de entrada |
Consumer satisfaction |
| 9 (RLIN) |
7011 |
| 942 ## - ELEMENTOS DE ENTRADA AGREGADA (KOHA) |
| Fuente del sistema de clasificación o colocación |
Clasificación de Library of Congress |